书目信息 |
| 题名: |
最新标志设计1000例
|
|
| 作者: | 张海清 著 | |
| 分册: | ||
| 出版信息: | 北京 蓝天出版社 2004.12 |
|
| 页数: | 122页 | |
| 开本: | 28cm | |
| 丛书名: | ||
| 单 册: | ||
| 中图分类: | J524.4 | |
| 科图分类: | ||
| 主题词: | 工艺美术--中国 | |
| 电子资源: | ||
| ISBN: | 7-80158-596-8 | |
| 000 | 00664 nam 000241 | |
| 001 | 0100006294 | |
| 005 | 20100107170219.37 | |
| 010 | @a7-80158-596-8@dCNY29.80 | |
| 100 | @a20090707d2003 em y0chiy0121 ea | |
| 101 | @achi | |
| 102 | @aCN@b320000 | |
| 105 | @ay z 000yy | |
| 106 | @ar | |
| 200 | 10 | @a最新标志设计1000例@9zui xin biao zhi she ji 1000 li@f张海清著@Fzhang hai qing zhu |
| 210 | @a北京@c蓝天出版社@d2004.12 | |
| 215 | @a122页@d28cm | |
| 540 | @a最新标志设计1000例 | |
| 606 | @a工艺美术@x中国 | |
| 690 | @aJ524.4@v4 | |
| 701 | 0 | @a张海清@9zhang hai qing@4著 |
| 801 | @aCN@b@c20100107 | |
| 901 | @a222222 | |
| 905 | @b906371@dJ524.4@eZ110@f1 | |
| 最新标志设计1000例/张海清著.-北京:蓝天出版社,2004.12 |
| 122页;28cm |
| ISBN 7-80158-596-8:CNY29.80 |
| ● |
| 相关链接 |
|
|
|
正题名:最新标志设计1000例
索取号:J524.4/Z110
 
预约/预借
| 序号 | 登录号 | 条形码 | 馆藏地/架位号 | 状态 | 备注 |
| 1 | 906371 | 209063715 | 社科库309/422社科库 31排1列2层/ [索取号:J524.4/Z110] | 在馆 |